Normal view
MARC view
- إدارة الأعمال -- معجم مصطلحات
Entry Topical Term
001 - CONTROL NUMBER
- control field: 27542
003 - CONTROL NUMBER IDENTIFIER
- control field: JO-AjAnu
005 - DATE AND TIME OF LATEST TRANSACTION
- control field: 20230606074658.0
008 - FIXED-LENGTH DATA ELEMENTS
- fixed length control field: 230606|| aca||aabn | a|a d
040 ## - CATALOGING SOURCE
- Original cataloging agency: JO-AjAnu
- Transcribing agency: JO-AjAnu
150 ## - HEADING--TOPICAL TERM
- Topical term or geographic name entry element: إدارة الأعمال -- معجم مصطلحات
670 ## - SOURCE DATA FOUND
- Source citation: Work cat.: (JO-AjAnu)14143: الشوبكي، سمير, author 27541, المعجم الإداري : أول معجم شامل بكل المصطلحات الإدارية المتداولة في العالم وتعريفاتها